The Ultimate Star Wars Quiz - Statistics

General Stats
  • This quiz has been taken 65 times
  • The average score is 34 of 54
Answer Stats
Hint Answer % Correct
Who lost the Milenium Falcon in a gamble? Lando Calrissian
95%
Who did Anakin Skywalker grow up to be? Darth Vader
88%
Who was the primary character of the original movies? Luke Skywalker
86%
What is Obi Wan Kenobi's alias on Tatooine? Ben
80%
Who is Han Solo's son? Kylo Ren
80%
What droid was created by Anakin Skywalker? C-3PO
79%
Who was Obi Wan's master? Qui Gon Jinn
79%
Who is the green short master of the Jedi Order? Yoda
79%
Who killed The infamous Hutt gangster? Leia
77%
Who did Samuel O Jackson play? Mace Windu
77%
What is Kylo Ren's birth name? Ben Solo
75%
Who killed Obi Wan Kenobi's master? Darth Maul
75%
What is Baby Yoda's real name? Grogu
75%
Who was Boba Fett's father? Jango Fett
75%
Who is palpatine's grand-daughter Rey
75%
What Species is Chewbacca? Wookie
75%
Who was the owner of the palace seen in Return of the jedi? Jabba the Hutt
73%
What was the order given by the senator to execute all jedi? Order 66
73%
What colour were most sith's lightsabers? Red
73%
What year did the first star wars movie come out? 1977
71%
What was the first planet to be destroyed by the death star? Alderaan
71%
Who is considered the chosen one? Anakin Skywalker
71%
Who created the star wars film series? George Lucas
71%
What colour was mace windu's lightsaber Purple
71%
What are the dark side force wielders referred as? Sith
71%
What was the name of the moon these creatures were living on? Endor
70%
What were the small bear like creatures in Return of the Jedi Ewoks
70%
What substance was used to freeze Han Solo? Carbonite
68%
Which of luke's hands were lost in his battle with Darth Vader? Right
68%
What planet did Obi Wan deliver the son of Padme Amidala to? Tatooine
68%
Who adopted anakin and padme's daughter? Bail Organa
66%
Who pilots the ship known as "Slave I" Boba Fett
66%
Who is the first orders supreme leader? Snoke
64%
What's the name of Yoda's home? Dagobah
61%
Finish the sentence: "Help me Obi wan kenobi, you' are __ ____ ____" my only hope
61%
Who was the padawan of the chosen one? Ahsoka Tano
59%
What was the name of the green jedi with long tentacle like hairs on his head? Kit Fisto
59%
Fill the gaps: "Made the ______ ___ in 12 parsecs" Kessel run
57%
What movie was orientated around the stealing the plans of the death star? Rogue One
55%
Who was the evil podracer seen in the Phantom Menace? Sebulba
55%
What is the name of the rule where there can only be 2 siths at once? The rule of 2
55%
What was the hit star wars game made by Dice and EA? Battlefront
54%
What is the name of the commander of the first order who is wearing reflective armor? Captain Phasma
54%
Count Dooku is also known as? Darth Tyranus
54%
What is the mandalorian from the series, 'The Mandalorian''s real name Din Djarin
54%
What is the name of the Toydarian who owned Anakin Skywalker? Watto
52%
What is Finn's storm trooper number? FN-2187
48%
Which actor has appeared in all theatrical star wars movies to this date? Anthony Daniels
36%
Who did Leia make acting general in her rebel fleet? Poe Dameron
25%
What game were the two playing? Sabacc
25%
What type of storm troopers were dressed in red? Sith Troopers
25%
Finish the quote, "This is ___ ___" the way
23%
What does AT-AT stand for? All Terrain Armoured Transport
11%
What is the famous song heard playing in the Mos Eisley Cantina? Mad about me
9%
No matching quizzes found
Score Distribution
Percent of People with Each Score
Percentile by Number Answered
Your Score History
You have not taken this quiz